Pink things image quiz - Statistics

General Stats
  • This quiz has been taken 128 times
  • The average score is 8 of 12
Answer Stats
Picture Answer % Correct
Pig
97%
Flamingo
95%
Pink elephant
92%
Rose
90%
Cotton candy
89%
Amazon river dolphin
79%
Lemonade
70%
Pomegranate
65%
Pink salmon
60%
Dragonfruit
54%
Axolotl
27%
Lake Hillier
5%
No matching quizzes found
Score Distribution
Percent of People with Each Score
Percentile by Number Answered
Your Score History
You have not taken this quiz